[Event "Decin"]
[Site "Decin CZE"]
[Date "1977.??.??"]
[Round "?"]
[White "Kovacs, Laszlo M"]
[Black "Kostro, Jerzy"]
[Result "1/2-1/2"]
[WhiteElo "2395"]
[BlackElo "2380"]
[PlyCount "31"]
[EventDate "1977.07.??"]
[Source "www.chesslib.no"]
[SourceDate "2004.05.04"]

1. c4 Nf6 2. Nc3 e6 3. d4 Bb4 4. e3 O-O 5. Nge2 d5 6. a3 Be7 7. Ng3 dxc4 8. Bxc4 c5 9. O-O cxd4 10. exd4 Nbd7 11. Bd3 b6 12. Re1 Bb7 13. Re2 Re8 14. Bg5 Nd5 15. Bxe7 Qxe7 16. Nxd5 1/2-1/2

[Event "Lisbon op 6th"]
[Site "Lisbon"]
[Date "2000.11.20"]
[Round "3"]
[White "Bu Xiangzhi"]
[Black "Nogueira, Nelson"]
[Result "1-0"]
[WhiteElo "2570"]
[BlackElo "2204"]
[PlyCount "92"]
[EventDate "2000.11.18"]
[Source "ChessBase"]
[SourceDate "2001.01.11"]

1. d4 Nf6 2. c4 e6 3. Nc3 Bb4 4. e3 d5 5. Nge2 O-O 6. a3 Bxc3+ 7. Nxc3 b6 8. Be2 Bb7 9. O-O Nbd7 10. b4 dxc4 11. Bxc4 c5 12. Bb2 cxb4 13. axb4 a6 14. b5 Qc7 15. bxa6 Bxg2 16. Kxg2 Qxc4 17. Qa4 Qd3 18. Qb5 Qg6+ 19. Kh1 Rfc8 20. f3 e5 21. Rac1 exd4 22. exd4 Nf8 23. Rg1 Qh6 24. Qf5 Re8 25. d5 Ng6 26. Ne4 Nxe4 27. fxe4 Qd2 28. Bxg7 Kxg7 29. Rc7 Rf8 30. a7 Qd4 31. h4 Rae8 32. Rg4 Re5 33. Qf3 Qa1+ 34. Kh2 Rh5 35. Kh3 Qe1 36. d6 Rxh4+ 37. Rxh4 Qxh4+ 38. Kg2 Qg5+ 39. Kf1 Qb5+ 40. Qe2 Qa5 41. d7 Qa1+ 42. Qe1 Qf6+ 43. Qf2 Qe7 44. Qd4+ Kg8 45. Rc8 Qh4 46. Rxf8+ Nxf8 1-0

[Event "London"]
[Site "London"]
[Date "1996.??.??"]
[Round "7"]
[White "Welling, Gerard"]
[Black "Martin, Benjamin"]
[Result "0-1"]
[WhiteElo "2395"]
[BlackElo "2375"]
[PlyCount "64"]
[EventDate "1996.??.??"]
[Source "www.chesslib.no"]
[SourceDate "2004.05.04"]

1. d4 e6 2. c4 Nf6 3. Nc3 Bb4 4. Bd2 O-O 5. e3 c5 6. Nf3 Nc6 7. d5 Ne7 8. a3 Bxc3 9. Bxc3 Ne4 10. Rc1 exd5 11. cxd5 d6 12. Bd3 Bf5 13. Qc2 Nxc3 14. Bxf5 Ncxd5 15. Bxh7+ Kh8 16. Bd3 Nf6 17. O-O Rc8 18. Qc4 Qd7 19. Qh4+ Kg8 20. Rc4 d5 21. Rf4 Ng6 22. Bxg6 fxg6 23. Rd1 Rcd8 24. Ng5 Qe7 25. g4 Rfe8 26. Kh1 Qd7 27. Rg1 d4 28. e4 Re5 29. Rf3 d3 30. Rh3 Rxg5 31. Qxg5 d2 32. Rd1 Qa4 0-1

[Event "Athens VAR"]
[Site "Athens GRE"]
[Date "1994.??.??"]
[Round "?"]
[White "Kofidis, Andreas"]
[Black "Pandavos, Panayotis"]
[Result "1/2-1/2"]
[WhiteElo "2385"]
[BlackElo "2380"]
[PlyCount "33"]
[EventDate "1994.??.??"]
[Source "www.chesslib.no"]
[SourceDate "2004.05.04"]

1. c4 e6 2. d4 d5 3. Nc3 Nf6 4. e3 Bb4 5. Nge2 O-O 6. a3 Be7 7. cxd5 exd5 8. g3 c6 9. Bg2 a5 10. O-O Na6 11. f3 c5 12. Kh1 Nc7 13. Qc2 Be6 14. Rd1 Rc8 15. dxc5 Bxc5 16. e4 Re8 17. Bf4 1/2-1/2

[Event "Helsinki"]
[Site "Helsinki"]
[Date "1981.??.??"]
[Round "6"]
[White "Karlsson, Lars"]
[Black "Turunen, Erkki O"]
[Result "1-0"]
[WhiteElo "2465"]
[BlackElo "2295"]
[PlyCount "73"]
[EventDate "1981.03.??"]
[Source "ChessBase"]

1. c4 e6 2. d4 Nf6 3. Nc3 Bb4 4. e3 O-O 5. Nge2 d5 6. a3 Be7 7. Nf4 b6 8. cxd5 exd5 9. b4 Re8 10. Be2 Bb7 11. Qb3 Bd6 12. Nd3 Nbd7 13. O-O Ne4 14. f4 Nxc3 15. Qxc3 Ba6 16. Bf3 Nf6 17. Rd1 Bxd3 18. Qxd3 a6 19. Ra2 Qd7 20. Qb3 c6 21. Rc2 Ne4 22. Bd2 Bf8 23. Rdc1 Nd6 24. Rxc6 Nc4 25. R6xc4 dxc4 26. Qxc4 Rec8 27. Bc6 Qd6 28. d5 Rc7 29. e4 Rac8 30. Be3 b5 31. Qc2 Qg6 32. e5 Qxc2 33. Rxc2 f6 34. Bb6 Rb7 35. d6 Rxc6 36. Rxc6 fxe5 37. fxe5 1-0

[Event "Faro op"]
[Site "Algarve"]
[Date "1998.??.??"]
[Round "7"]
[White "Damaso, Rui"]
[Black "Rigo, Janos"]
[Result "1/2-1/2"]
[WhiteElo "2430"]
[BlackElo "2325"]
[PlyCount "47"]
[EventDate "1998.08.??"]
[Source "www.chesslib.no"]
[SourceDate "2004.05.04"]

1. d4 Nf6 2. c4 e6 3. Nc3 Bb4 4. e3 d5 5. Nge2 O-O 6. a3 Bd6 7. c5 Be7 8. b4 Nbd7 9. f4 Ne4 10. Nxe4 dxe4 11. Nc3 f5 12. Bc4 Nf6 13. Qb3 Qd7 14. d5 exd5 15. Nxd5 Nxd5 16. Bxd5+ Kh8 17. Bb2 Bf6 18. Bxf6 Rxf6 19. O-O-O Qe7 20. Rd4 a5 21. Rhd1 Rf8 22. Qc3 axb4 23. axb4 Qf6 24. Kb2 1/2-1/2

[Event "SWE-ch"]
[Site "Linkoping"]
[Date "1996.??.??"]
[Round "1"]
[White "Olsson, Krister"]
[Black "Moberg, Karl Johan"]
[Result "1-0"]
[WhiteElo "2350"]
[BlackElo "2405"]
[PlyCount "61"]
[EventDate "1996.??.??"]
[Source "www.chesslib.no"]
[SourceDate "2004.05.04"]

1. d4 Nf6 2. c4 e6 3. e3 Bb4+ 4. Nc3 O-O 5. Nge2 d5 6. a3 Bd6 7. cxd5 exd5 8. Ng3 c5 9. dxc5 Bxc5 10. b4 Bb6 11. Na4 Bc7 12. Bb2 Nc6 13. Be2 Be6 14. Rc1 Ne5 15. Nc5 b6 16. Nxe6 fxe6 17. O-O a5 18. f4 Ned7 19. Bg4 Re8 20. Rc6 axb4 21. axb4 Nf8 22. Bxf6 gxf6 23. Nh5 f5 24. Bxf5 exf5 25. Nf6+ Kh8 26. Nxe8 Qxe8 27. Qd4+ Kg8 28. Qxd5+ Kh8 29. Rxc7 Qxe3+ 30. Kh1 Re8 31. Qf7 1-0

[Event "Ch Netherlands team"]
[Site "NED"]
[Date "1976.??.??"]
[Round "?"]
[White "Van Mil, Johannes A J"]
[Black "Bohm, Hans"]
[Result "0-1"]
[WhiteElo "2315"]
[BlackElo "2425"]
[PlyCount "28"]
[EventDate "1976.??.??"]
[Source "www.chesslib.no"]
[SourceDate "2004.05.04"]

1. d4 Nf6 2. c4 e6 3. Nc3 Bb4 4. Bd2 O-O 5. e3 b6 6. Qf3 Nc6 7. Bd3 d5 8. Nge2 e5 9. Nxd5 Bxd2+ 10. Kxd2 Nxd5 11. Qxd5 Qf6 12. dxe5 Nxe5 13. Qxa8 Bf5 14. Qd5 Rd8 0-1

[Event "ALBACETE Ch"]
[Site "?"]
[Date "2002.09.02"]
[Round "2"]
[White "Serna Lara Sergio"]
[Black "Del Rio Angelis Salvador Gabr"]
[Result "1/2-1/2"]
[WhiteElo "2229"]
[BlackElo "2504"]
[PlyCount "128"]
[EventDate "2002.??.??"]
[Source "www.chesslib.no"]
[SourceDate "2004.05.04"]

1. d4 e6 2. c4 Nf6 3. Nc3 Bb4 4. e3 O-O 5. Nge2 Re8 6. a3 Bf8 7. d5 a5 8. Ng3 Bc5 9. Bd3 d6 10. h3 Nbd7 11. b3 exd5 12. cxd5 Ne5 13. Bf5 Bxf5 14. Nxf5 Qd7 15. Ng3 Ng6 16. O-O Re5 17. Kh2 c6 18. dxc6 bxc6 19. Qc2 Ba7 20. Rd1 Rae8 21. Bb2 R5e6 22. Na4 Nh4 23. Rac1 c5 24. Nf5 Nxf5 25. Qxf5 Qb7 26. Qc2 Rc8 27. Bxf6 Rxf6 28. Nc3 Re6 29. Nd5 Re5 30. Qc4 Rce8 31. a4 Qd7 32. Qd3 h6 33. Rc4 Qb7 34. Rg4 Kh8 35. Rc4 Rb8 36. Rc3 Qc6 37. Kh1 Bb6 38. f4 Ree8 39. f5 Bd8 40. Rc4 Re5 41. e4 Qe8 42. Rf1 Rb7 43. Rf3 Rd7 44. Rf1 Bf6 45. Rf4 Qd8 46. Rc2 Re8 47. Re2 Be5 48. Rf1 Qg5 49. Re3 Rb7 50. Ref3 Reb8 51. Qc2 Rc8 52. Qc4 Re8 53. Qc2 Bd4 54. Qd3 Be5 55. Qa6 Rbb8 56. Qc4 Qh4 57. Nc7 Rf8 58. Nd5 Rb7 59. Qa6 Rfb8 60. Qc4 Rc8 61. Qa6 Rbb8 62. Qd3 Rb7 63. Qa6 Rbb8 64. Qd3 Rb7 1/2-1/2

[Event "Pripis mem"]
[Site "Moscow"]
[Date "1999.??.??"]
[Round "8"]
[White "Ulko, Jaroslav"]
[Black "Bakre, Tejas"]
[Result "1-0"]
[WhiteElo "2397"]
[BlackElo "2333"]
[PlyCount "47"]
[EventDate "1999.??.??"]
[Source "www.chesslib.no"]
[SourceDate "2004.05.04"]

1. d4 Nf6 2. c4 e6 3. Nc3 Bb4 4. e3 O-O 5. Bd2 d5 6. a3 Be7 7. b4 a5 8. c5 b6 9. f4 axb4 10. axb4 Rxa1 11. Qxa1 bxc5 12. bxc5 Ng4 13. Be2 e5 14. fxe5 f6 15. Qd1 h5 16. exf6 Bxf6 17. Nf3 Bh4+ 18. g3 Bg5 19. Qb3 Be6 20. Nxg5 Qxg5 21. e4 Qg6 22. exd5 Bf7 23. O-O h4 24. Qb1 1-0

[Event "XXIV Open"]
[Site "Cappelle La Grande FRA"]
[Date "2008.02.17"]
[Round "2"]
[White "Wirig, A."]
[Black "Rudolf, An"]
[Result "1-0"]
[WhiteElo "2479"]
[BlackElo "2242"]
[PlyCount "53"]
[EventDate "2008.02.16"]
[Source "www.chesslib.no"]
[SourceDate "2004.05.04"]

1. d4 e6 2. c4 Nf6 3. Nc3 Bb4 4. e3 d5 5. Nge2 O-O 6. a3 Be7 7. cxd5 exd5 8. g3 a5 9. Bg2 c6 10. O-O Nbd7 11. f3 Nb6 12. Nf4 Be6 13. Nxe6 fxe6 14. Qe2 Qd6 15. f4 Rae8 16. Kh1 c5 17. e4 cxd4 18. e5 Qc6 19. Nb5 Bc5 20. exf6 gxf6 21. b4 axb4 22. axb4 Bxb4 23. Nxd4 Qd6 24. f5 e5 25. Ne6 Rf7 26. Qb5 Rc8 27. Rb1 1-0

[Event "Pardubice Open"]
[Site "Pardubice CZE"]
[Date "1993.??.??"]
[Round "1"]
[White "Krouzel, Jaroslav"]
[Black "Tunik, Gennady"]
[Result "0-1"]
[WhiteElo "2255"]
[BlackElo "2465"]
[PlyCount "48"]
[EventDate "1993.07.??"]
[Source "www.chesslib.no"]
[SourceDate "2004.05.04"]

1. d4 Nf6 2. c4 e6 3. Nc3 Bb4 4. Bd2 O-O 5. e3 b6 6. Qf3 d5 7. Bd3 Ba6 8. Nh3 Nbd7 9. Qe2 dxc4 10. Bxc4 Bxc4 11. Qxc4 c5 12. O-O Rc8 13. Rfd1 Qe7 14. a3 Bxc3 15. Bxc3 Nd5 16. Rac1 N7f6 17. dxc5 Rxc5 18. Qd3 Qc7 19. Bd2 Ng4 20. g3 Ne5 21. Rxc5 Qxc5 22. Qe4 Nf6 23. Qb1 Nf3+ 24. Kh1 Qc6 0-1

[Event "XXIV Open"]
[Site "Cappelle La Grande FRA"]
[Date "2008.02.22"]
[Round "8"]
[White "Papin, V."]
[Black "Rudolf, An"]
[Result "0-1"]
[WhiteElo "2475"]
[BlackElo "2242"]
[PlyCount "80"]
[EventDate "2008.02.16"]
[Source "www.chesslib.no"]
[SourceDate "2004.05.04"]

1. d4 e6 2. c4 Nf6 3. Nc3 Bb4 4. e3 O-O 5. Nge2 d5 6. a3 Be7 7. cxd5 exd5 8. g3 a5 9. Bg2 c6 10. O-O Na6 11. Kh1 Re8 12. f3 c5 13. g4 Be6 14. g5 Nh5 15. f4 Qd7 16. dxc5 Rad8 17. Nd4 Bg4 18. Qc2 Bxc5 19. f5 Re5 20. Nce2 Rc8 21. Qd2 Bxd4 22. Nxd4 Nc5 23. Qf2 g6 24. fxg6 hxg6 25. Qh4 Ne4 26. b4 Nxg5 27. Bb2 Bh3 28. Rg1 Rc4 29. Bf1 Bxf1 30. Rxg5 Rxg5 31. Qxg5 Bd3 32. Qh4 Qe8 33. Qf2 Qe4+ 34. Kg1 Ng7 35. bxa5 Ne6 36. Nxe6 Qxe6 37. Bd4 Rxd4 38. exd4 Qg4+ 39. Qg3 Qxd4+ 40. Kg2 Be4+ 0-1

[Event "Komercni Banka op"]
[Site "Pardubice"]
[Date "1996.??.??"]
[Round "7"]
[White "Hetey, Laszlo"]
[Black "Ellers, Holger"]
[Result "1-0"]
[WhiteElo "2410"]
[BlackElo "2305"]
[PlyCount "115"]
[EventDate "1996.07.??"]
[Source "www.chesslib.no"]
[SourceDate "2004.05.04"]

1. d4 e6 2. c4 Nf6 3. Nc3 Bb4 4. e3 O-O 5. Nge2 d5 6. a3 Be7 7. cxd5 exd5 8. g3 a5 9. Bg2 Re8 10. O-O c6 11. Nf4 Bd6 12. Nd3 Na6 13. b3 Nc7 14. Bb2 Bg4 15. f3 Bh5 16. Qd2 Bg6 17. Rfe1 Bxd3 18. Qxd3 c5 19. Bh3 cxd4 20. exd4 Rxe1+ 21. Rxe1 Qf8 22. Nb1 Re8 23. Rxe8 Qxe8 24. Kf2 Qe7 25. Qc3 h5 26. Qe3 Kf8 27. Qxe7+ Kxe7 28. Nc3 b5 29. Bf1 b4 30. axb4 Bxb4 31. Na2 Bd6 32. Bc3 Ne6 33. Nc1 Bc7 34. Nd3 Bb6 35. Ke3 Nd7 36. Bh3 g6 37. Nb2 Bc7 38. Na4 f5 39. f4 Kd6 40. Bf1 Kc6 41. Bb2 Bb6 42. Ba6 Ba7 43. Bc3 Nc7 44. Bc8 Nb5 45. Kd3 Kd6 46. Bxa5 Nxd4 47. Bxd7 Nxb3 48. Bb6 Bxb6 49. Nxb6 Nc5+ 50. Kd4 Nxd7 51. Nxd7 Kxd7 52. Kxd5 Ke7 53. Ke5 Kf7 54. Kd6 h4 55. gxh4 Kf6 56. Kd5 Kg7 57. h5 Kh6 58. hxg6 1-0

[Event "Randers"]
[Site "Randers"]
[Date "1996.??.??"]
[Round "7"]
[White "Kjeldsen, Jens"]
[Black "Hultin, Johan"]
[Result "1-0"]
[WhiteElo "2415"]
[BlackElo "2300"]
[PlyCount "101"]
[EventDate "1996.??.??"]
[Source "www.chesslib.no"]
[SourceDate "2004.05.04"]

1. d4 e6 2. c4 Nf6 3. Nc3 Bb4 4. e3 O-O 5. Nge2 d5 6. a3 Be7 7. cxd5 exd5 8. g3 c6 9. Bg2 Bf5 10. O-O h5 11. f3 Qd7 12. e4 dxe4 13. fxe4 Bh3 14. Bxh3 Qxh3 15. Nf4 Qg4 16. e5 Nfd7 17. Nxh5 Qxd1 18. Rxd1 Na6 19. Nf4 Nc7 20. Be3 Rad8 21. Rac1 Nb6 22. d5 Nbxd5 23. Ncxd5 Nxd5 24. Nxd5 cxd5 25. Rc7 d4 26. Rxd4 Bg5 27. Bf2 b5 28. h4 Bh6 29. g4 Rxd4 30. Bxd4 Rd8 31. Bc3 Be3+ 32. Kg2 Bd4 33. Kf3 Bxc3 34. bxc3 a5 35. h5 Rb8 36. g5 g6 37. h6 b4 38. cxb4 axb4 39. axb4 Rxb4 40. e6 fxe6 41. Rg7+ Kh8 42. Rxg6 e5 43. Re6 Kh7 44. Re7+ Kg6 45. Rg7+ Kf5 46. h7 e4+ 47. Ke3 Rb3+ 48. Kd4 Rd3+ 49. Kc4 Rh3 50. g6 e3 51. Kd3 1-0

[Event "HUN Team Ch"]
[Site "HUN"]
[Date "1992.??.??"]
[Round "5"]
[White "Karsa, Laszlo"]
[Black "Ortel, Endre"]
[Result "1/2-1/2"]
[WhiteElo "2410"]
[BlackElo "2300"]
[PlyCount "59"]
[EventDate "1992.??.??"]
[Source "www.chesslib.no"]
[SourceDate "2004.05.04"]

1. d4 e6 2. c4 Nf6 3. Nc3 Bb4 4. e3 O-O 5. Nge2 d5 6. a3 Be7 7. Nf4 b6 8. cxd5 Nxd5 9. Ncxd5 exd5 10. Bd3 c6 11. Qc2 h6 12. O-O Bd6 13. e4 dxe4 14. Bxe4 Bb7 15. b4 Qc7 16. g3 Nd7 17. Be3 Nf6 18. Bf3 Qd7 19. Rfe1 Rfe8 20. Bg2 Bxf4 21. Bxf4 Nd5 22. Bd2 Nc7 23. Be3 Nd5 24. Rac1 a5 25. Bd2 axb4 26. axb4 Rxe1+ 27. Rxe1 Nc7 28. Be3 Nd5 29. Qb3 Qd6 30. Bd2 1/2-1/2

[Event "BL 0203 (Women)"]
[Site "?"]
[Date "2003.02.02"]
[Round "7.2"]
[White "Socko Monika"]
[Black "Jackova Jana"]
[Result "1-0"]
[WhiteElo "2347"]
[BlackElo "2361"]
[PlyCount "57"]
[EventDate "2003.??.??"]
[Source "www.chesslib.no"]
[SourceDate "2004.05.04"]

1. d4 d5 2. c4 e6 3. Nc3 Bb4 4. e3 Nf6 5. Nge2 O-O 6. a3 Be7 7. cxd5 exd5 8. b4 c6 9. Ng3 Bd6 10. Bd3 Re8 11. O-O Bxg3 12. fxg3 Bg4 13. Qc2 Bh5 14. Bd2 Bg6 15. Rf4 Nbd7 16. g4 Bxd3 17. Qxd3 h6 18. Raf1 g5 19. Rf5 Re6 20. h4 gxh4 21. g5 hxg5 22. Rxg5+ Kf8 23. e4 dxe4 24. Qe3 Ke7 25. Qf2 Qh8 26. d5 cxd5 27. Nxd5+ Kd8 28. Qd4 Rd6 29. Bf4 1-0

[Event "FRA-chT"]
[Site "?"]
[Date "1998.??.??"]
[Round "6"]
[White "Benitah Yohan"]
[Black "Roos Louis"]
[Result "1/2-1/2"]
[WhiteElo "2345"]
[BlackElo "2360"]
[PlyCount "149"]
[EventDate "1998.??.??"]
[Source "www.chesslib.no"]
[SourceDate "2004.05.04"]

1. d4 e6 2. c4 Nf6 3. Nc3 Bb4 4. e3 O-O 5. Nge2 d5 6. a3 Be7 7. Ng3 Re8 8. b4 c6 9. Bb2 Nbd7 10. Be2 a5 11. c5 b6 12. f4 Qc7 13. O-O Ba6 14. Bxa6 Rxa6 15. Qe2 Raa8 16. Rfc1 Reb8 17. Rc2 bxc5 18. bxc5 Rb3 19. Nf1 Rab8 20. Bc1 Qa7 21. Nd2 R3b7 22. Raa2 h5 23. Rab2 g6 24. Rxb7 Rxb7 25. Rb2 Rxb2 26. Bxb2 Qb7 27. Bc1 Bd8 28. Qd3 Bc7 29. h3 Kf8 30. g3 Ke7 31. Kg2 Qa8 32. Nf3 Qb7 33. Ne5 Bxe5 34. fxe5 Ne4 35. Nxe4 dxe4 36. Qxe4 Qb3 37. Kf2 Qd1 38. Qb1 g5 39. Qb2 g4 40. hxg4 hxg4 41. Qd2 Qf3+ 42. Kg1 Qxg3+ 43. Qg2 Qe1+ 44. Qf1 Qc3 45. Qd1 f5 46. Bd2 Qxa3 47. Qe1 Kd8 48. Bxa5+ Kc8 49. Bc3 Qa2 50. Qd1 Kb7 51. Be1 Nb8 52. Bf2 Na6 53. Qe1 Qb2 54. Kg2 Nb4 55. Qd1 Nd5 56. Qd3 Nc3 57. d5 Ne4 58. dxc6+ Kxc6 59. Qa6+ Kxc5 60. Qc8+ Kb4 61. Qb7+ Kc3 62. Qc6+ Kd3 63. Qa6+ Kd2 64. Qxe6 Nxf2 65. Kxf2 Kd3+ 66. Kg3 Ke4 67. Qc4+ Kxe5 68. Qc7+ Kd5 69. Qf7+ Ke4 70. Qc4+ Ke5 71. Qc7+ Kf6 72. Qd8+ Kf7 73. Qd7+ Kg6 74. Qe8+ Kg7 75. Qd7+ 1/2-1/2

[Event "HUN-chT1"]
[Site "HUN"]
[Date "1995.??.??"]
[Round "?"]
[White "Mann, Gerald"]
[Black "Ortel, Endre"]
[Result "1/2-1/2"]
[WhiteElo "2350"]
[BlackElo "2345"]
[PlyCount "33"]
[EventDate "1995.??.??"]
[Source "www.chesslib.no"]
[SourceDate "2004.05.04"]

1. d4 e6 2. c4 Nf6 3. Nc3 Bb4 4. e3 O-O 5. Nge2 d5 6. a3 Be7 7. Ng3 b6 8. cxd5 exd5 9. Bd3 c5 10. O-O Ba6 11. Nf5 Re8 12. Bxa6 Nxa6 13. Qf3 c4 14. Bd2 Bf8 15. Qh3 Nc7 16. Rae1 b5 17. f3 1/2-1/2

[Event "Mondariz op"]
[Site "?"]
[Date "1998.??.??"]
[Round "?"]
[White "Guerra, Diego"]
[Black "Del Rio, Gabriel"]
[Result "0-1"]
[WhiteElo "2300"]
[BlackElo "2395"]
[PlyCount "82"]
[EventDate "1998.??.??"]
[Source "www.chesslib.no"]
[SourceDate "2004.05.04"]

1. d4 e6 2. c4 Nf6 3. Nc3 Bb4 4. e3 O-O 5. Nge2 Re8 6. a3 Bf8 7. g3 d5 8. cxd5 exd5 9. Bg2 c6 10. O-O a5 11. Nf4 Na6 12. f3 Nc7 13. e4 c5 14. e5 cxd4 15. exf6 dxc3 16. fxg7 Bxg7 17. bxc3 Bxc3 18. Rb1 Qf6 19. Ne2 Be5 20. f4 Qg6 21. fxe5 Qxb1 22. Nd4 Rxe5 23. Nf3 Qb6+ 24. Kh1 Bg4 25. h3 Bxf3 26. Qxf3 Rf8 27. Bf4 Re6 28. Qg4+ Rg6 29. Qd7 Ne6 30. Be5 Qc6 31. Qe7 f6 32. Qd6 Qxd6 33. Bxd6 Rd8 34. Be7 Rd7 35. Bxf6 Rxg3 36. Rf5 d4 37. Bd5 Rxh3+ 38. Kg1 Rxd5 39. Rxd5 Rxa3 40. Rd7 Rb3 41. Re7 Rb6 0-1

[Event "Timisoara"]
[Site "Timisoara"]
[Date "1994.??.??"]
[Round "4"]
[White "Bakic, Rados"]
[Black "Berescu, Alin"]
[Result "1-0"]
[WhiteElo "2435"]
[BlackElo "2255"]
[PlyCount "76"]
[EventDate "1994.??.??"]
[Source "www.chesslib.no"]
[SourceDate "2004.05.04"]

1. d4 Nf6 2. c4 e6 3. Nc3 Bb4 4. e3 O-O 5. Qc2 d5 6. a3 Bxc3+ 7. Qxc3 b6 8. Nf3 Bb7 9. b4 c5 10. Bb2 Ne4 11. Qc2 Qe7 12. bxc5 bxc5 13. Bd3 f5 14. O-O Nd7 15. Rac1 Rac8 16. Qe2 Nd6 17. cxd5 c4 18. Bb1 Bxd5 19. Ne5 Nb6 20. Bc3 Rfd8 21. f3 Nb5 22. Bb4 Qf6 23. Rfd1 g6 24. Bc2 Bb7 25. a4 Nd5 26. axb5 Nxb4 27. Ra1 Rd5 28. Rdb1 Rxb5 29. Ba4 Rb6 30. Nd7 Qe7 31. Nxb6 axb6 32. Bb5 c3 33. Ra4 c2 34. Rc1 Bd5 35. Qd2 Na2 36. Rxc2 Rxc2 37. Qxc2 Nb4 38. Qc8+ Kg7 1-0

[Event "SCG First League women"]
[Site "?"]
[Date "2005.10.25"]
[Round "9"]
[White "Maksimovic Suzana"]
[Black "Maric Alisa"]
[Result "1/2-1/2"]
[WhiteElo "2267"]
[BlackElo "2420"]
[PlyCount "84"]
[EventDate "2005.??.??"]
[Source "www.chesslib.no"]
[SourceDate "2004.05.04"]

1. c4 e6 2. Nc3 Nf6 3. d4 Bb4 4. e3 O-O 5. Nge2 d5 6. a3 Be7 7. cxd5 exd5 8. b4 Nbd7 9. Ng3 Nb6 10. Bd3 Re8 11. O-O Bd6 12. Qc2 c6 13. Nce2 Bd7 14. Bd2 h5 15. Bf5 Nc4 16. Rfd1 Bxf5 17. Nxf5 Bc7 18. Neg3 Nxd2 19. Rxd2 g6 20. Nh4 Ne4 21. Nxe4 Bxh2+ 22. Kf1 Qxh4 23. Nc5 Bc7 24. Ke2 Rab8 25. Rc1 Re7 26. Qa4 a6 27. Nxb7 Rxb7 28. Qxc6 Bb6 29. Qxd5 Qe4 30. Qxe4 Rxe4 31. Rc8+ Kg7 32. Rdc2 Ree7 33. Kd3 Rec7 34. R2xc7 Rxc7 35. Ra8 Ba7 36. d5 Kf6 37. f4 Ke7 38. e4 Kd6 39. Rd8+ Ke7 40. Ra8 Kd6 41. Rd8+ Ke7 42. Ra8 Kd6 1/2-1/2

[Event "Dieren Open"]
[Site "Dieren NED"]
[Date "1987.??.??"]
[Round "7"]
[White "Pieterse, Gert"]
[Black "Riemersma, Liafbern"]
[Result "1/2-1/2"]
[WhiteElo "2290"]
[BlackElo "2395"]
[PlyCount "73"]
[EventDate "1987.07.??"]
[Source "www.chesslib.no"]
[SourceDate "2004.05.04"]

1. d4 Nf6 2. c4 e6 3. Nc3 Bb4 4. e3 O-O 5. Bd2 Re8 6. Nf3 d5 7. Bd3 dxc4 8. Bxc4 Nc6 9. O-O a6 10. a3 Bd6 11. h3 b5 12. Be2 Bb7 13. Rc1 e5 14. d5 Ne7 15. e4 c6 16. Bg5 Ng6 17. Nh4 h6 18. Bxf6 Qxf6 19. Nxg6 Qxg6 20. Bh5 Qf6 21. dxc6 Bxc6 22. Nd5 Bxd5 23. Qxd5 Red8 24. Rc6 g6 25. Bf3 Qe7 26. Qb3 Rdc8 27. Rfc1 Rxc6 28. Rxc6 Kg7 29. Qe3 Bb8 30. Qc5 Qxc5 31. Rxc5 Ba7 32. Rc6 Bd4 33. b3 a5 34. Be2 a4 35. bxa4 Rxa4 36. Bxb5 Rxa3 37. Rc2 1/2-1/2

[Event "Werther Schloss op-A 7th"]
[Site "?"]
[Date "2001.04.06"]
[Round "1.1"]
[White "Epishin Vladimir"]
[Black "Ross Christopher"]
[Result "1-0"]
[WhiteElo "2578"]
[BlackElo "2104"]
[PlyCount "59"]
[EventDate "2001.??.??"]
[Source "www.chesslib.no"]
[SourceDate "2004.05.04"]

1. d4 e6 2. c4 Nf6 3. Nc3 Bb4 4. e3 O-O 5. Nge2 c5 6. a3 Bxc3+ 7. Nxc3 d6 8. Be2 Nc6 9. O-O b6 10. b3 Bb7 11. d5 Ne7 12. e4 e5 13. b4 a6 14. Rb1 Qc7 15. Bg5 Ne8 16. a4 f6 17. Bd2 f5 18. a5 bxa5 19. bxc5 dxc5 20. Bd3 f4 21. Qb3 Nd6 22. Qb6 Qd7 23. f3 Rab8 24. Qxc5 Rbc8 25. Qa7 Rc7 26. c5 Nec8 27. c6 Nxa7 28. cxd7 Rxd7 29. Na4 Nab5 30. Bxa5 1-0

[Event "XXIV Open"]
[Site "Cappelle La Grande FRA"]
[Date "2008.02.19"]
[Round "5"]
[White "Simutowe, A."]
[Black "Van Hoolandt, P."]
[Result "1-0"]
[WhiteElo "2457"]
[BlackElo "2216"]
[PlyCount "79"]
[EventDate "2008.02.16"]
[Source "www.chesslib.no"]
[SourceDate "2004.05.04"]

1. c4 Nf6 2. d4 e6 3. Nc3 Bb4 4. e3 O-O 5. Nge2 Re8 6. a3 Bf8 7. g3 d5 8. cxd5 exd5 9. Bg2 b6 10. O-O Bb7 11. h3 Nc6 12. b4 Ne7 13. Qb3 g6 14. a4 a5 15. b5 Qd7 16. Nf4 Red8 17. Ba3 Nf5 18. Bxf8 Kxf8 19. Rfc1 Qd6 20. Rc2 h5 21. Nd3 Kg7 22. Ne5 Ne8 23. Ne2 Ne7 24. Nf4 f6 25. Ned3 Kh6 26. h4 Bc8 27. Rac1 Bf5 28. Rc6 Nxc6 29. Rxc6 Qf8 30. Bxd5 Rd6 31. e4 Bd7 32. Rxd6 Nxd6 33. Bxa8 Qxa8 34. e5 Nf5 35. Qf7 Qe8 36. Qxf6 Nxd4 37. Nxh5 Bf5 38. Qg5+ Kh7 39. Nf6+ Kh8 40. Qh6# 1-0

[Event "Corr"]
[Site "?"]
[Date "2001.10.20"]
[Round "?"]
[White "Gierth Karlheinz (GER)"]
[Black "Foldvary Ferenc P.(WLS)"]
[Result "1/2-1/2"]
[WhiteElo "2364"]
[BlackElo "2308"]
[PlyCount "96"]
[EventDate "2001.??.??"]
[Source "www.chesslib.no"]
[SourceDate "2004.05.04"]

1. c4 Nf6 2. Nc3 e6 3. d4 Bb4 4. e3 O-O 5. Nge2 d5 6. a3 Be7 7. cxd5 exd5 8. g3 Re8 9. Bg2 c6 10. O-O a5 11. b3 Bf5 12. Bb2 Bd6 13. Nf4 Nbd7 14. Re1 Bxf4 15. exf4 Rxe1+ 16. Qxe1 Qb6 17. Qd1 Re8 18. Na4 Qc7 19. b4 axb4 20. axb4 Qd6 21. Qb3 b5 22. Nc5 Nb6 23. Bc3 Ne4 24. Re1 Re7 25. Qb2 Nxc3 26. Qxc3 Na4 27. Nxa4 bxa4 28. Ra1 Ra7 29. Bf3 Bh3 30. Bd1 Qe6 31. f5 Qe4 32. Bf3 Qe8 33. Bd1 Bxf5 34. Rxa4 Rxa4 35. Bxa4 Qe4 36. Qxc6 Qe1+ 37. Kg2 Be4+ 38. Kh3 Qf1+ 39. Kh4 g5+ 40. Kh5 Bg6+ 41. Kxg5 h6+ 42. Kg4 h5+ 43. Kh4 Qxf2 44. Qe8+ Kh7 45. Qe5 Qxh2+ 46. Kg5 Qd2+ 47. Kh4 Qxb4 48. Bc6 Qd2 1/2-1/2

[Event "Karsten Kold op"]
[Site "Gistrup"]
[Date "1997.??.??"]
[Round "2"]
[White "Salmensuu, Olli"]
[Black "Andersen, Jan Ivan"]
[Result "0-1"]
[WhiteElo "2380"]
[BlackElo "2285"]
[PlyCount "120"]
[EventDate "1997.07.??"]
[Source "www.chesslib.no"]
[SourceDate "2004.05.04"]

1. c4 Nf6 2. Nc3 e6 3. d4 Bb4 4. Bd2 O-O 5. e3 c5 6. d5 Bxc3 7. Bxc3 Ne4 8. Rc1 d6 9. Bxg7 Nxf2 10. Kxf2 Kxg7 11. Nf3 e5 12. g3 f5 13. Bg2 a6 14. Rf1 b5 15. Kg1 Ra7 16. Kh1 Kh8 17. Rf2 Raf7 18. Qd2 Nd7 19. Nh4 Qg5 20. Rcf1 Nb6 21. b3 bxc4 22. Qa5 Nd7 23. bxc4 Nf6 24. Qc3 Ng4 25. Rf3 Kg8 26. Bh3 e4 27. Rf4 Ne5 28. Ng2 a5 29. R4f2 Ba6 30. Rb1 Bxc4 31. Rb6 Rf6 32. Nf4 Bd3 33. Rb7 Rh6 34. Kg2 Nc4 35. Qc1 a4 36. Ra7 a3 37. Ra4 Ne5 38. Qxa3 Ng6 39. Nxd3 Qh5 40. Nf4 Nxf4+ 41. exf4 Qxh3+ 42. Kg1 Qh5 43. Rd2 Rg6 44. Ra7 Qg4 45. Kf2 Re8 46. Re2 Rg7 47. Ra8 Rge7 48. Rxe8+ Rxe8 49. Qb3 Qg7 50. Kg2 Qd4 51. Kh3 Rf8 52. Re1 c4 53. Qb5 c3 54. Qc6 Qd2 55. Rg1 c2 56. a4 Qd1 57. Kg2 Qf3+ 58. Kh3 Qd1 59. Kg2 e3 60. Qc3 Qd2+ 0-1